000 00925nam a2200277 i 4500
001 14718
003 ES-MaACL
005 20250405195706.0
007 t|
008 990527s1999 sp ||||1| spa d
020 _a84-89846-38-3
080 _a008(4)"17"
100 1 _aKant, Immanuel,
_d1724-1804
_9222608
245 1 0 _aEn defensa de la Ilustración /
_cImmanuel Kant ; traducción Javier Alcoriza y Antonio Lastra ; introducción José Luis Villacañas.
250 _a1ª ed.
260 _aBarcelona :
_bAlba,
_c1999.
300 _a408 p. ;
_c22 cm.
490 1 _aA Pensamiento. Clásicos ;
_v1
650 1 4 _aIlustración.
_913583
700 1 _aAlcoriza, Javier.
_919575
700 1 _aLastra, Antonio.
_970495
700 1 _aVillacañas Berlanga, José Luis,
_d1955-
_9152048
830 0 _aA Pensamiento. Clásicos ;
_v1
_9180305
852 _aES-MaACL
_jL-21937
_bR.127315
999 _c14718
_d14718